000 00782nam a2200265 i 4500
001 C2-0317582
003 PPAK
005 20180728113732.0
008 120923s2012 my a|||| ||||| | may d
020 _a9789670145532
040 _aPPAK
_beng
_cPPAK
_erda
082 0 4 _a899.232
_223
090 0 0 _a899.232
_bSIT
_dK
100 0 _aSiti Ida Alias,
_eauthor
245 1 0 _aPutera raja dan musang
264 1 _aCheras :
_bPenerbitan Afdal ,
_c2012
300 _a32 pages :
_bcolour illustrations ;
_c22 cm
336 _2rdacontent
_atext
337 _2rdamedia
_aunmediated
338 _2rdacarrier
_avolume
490 1 _aSiri teater bermula daripada sekolah
650 1 0 _aMalay literature - Juvenile Drama
830 0 _aSiri teater bermula daripada sekolah
942 _ddc
_cB
999 _c118645
_d118645